00375nam a2200133Ia 4500008004000000020001800040041000800058082001300066100002800079245005600107260004300163300000800206650002700214210210b1999 xxu||||| |||| 00| 0 eng d a81 250 0640 0 aeng a428 RAOP aRAO (Shanta Romeshwar). aPerceptions: a selection of modern english writing. aHyderabad.bOrient Longman Ltd.,c1999 a108 aEssays and composition